| 000 | 00524nam a22001817a 4500 | ||
|---|---|---|---|
| 003 | OSt | ||
| 005 | 20180116183043.0 | ||
| 008 | 160225b xxu||||| |||| 00| 0 eng d | ||
| 020 | _a9781784152970 | ||
| 040 | _c0 | ||
| 082 | _a 658.15 CIMA 2015 | ||
| 110 | _aCIMA | ||
| 245 |
_aCIMA E2 Project and Relationship Management _b CIMA Official Study text _cCIMA 2 |
||
| 260 |
_a Great Britain _bKaplan Publishing _c2015 |
||
| 300 |
_a670+6 p. _bPB |
||
| 440 | _aCIMA E2 Project and Relationship Management | ||
| 942 |
_2ddc _cBK |
||
| 999 |
_c351319 _d351319 |
||